| 000 | 01198cam a2200325 4500 | ||
|---|---|---|---|
| 008 | 090401t1996 xxu||||| |||| 00| 0 eng d | ||
| 020 | _a1853556939 | ||
| 035 | _a(Sirsi) u22359 | ||
| 041 | _aeng | ||
| 050 | _a657.834 | ||
| 100 | _aMacGregor, Gervase | ||
| 245 | _aSurveyors, architects and estate agents : an industry accounting and auditing guide. | ||
| 260 |
_aMilton Keynes _bAccountancy Books _c1996 |
||
| 300 | _axxvi,580p. ; 24cm. | ||
| 350 | _a55 | ||
| 520 | _aExamines such issues as professional conduct, clients money regulations, accounting, taxation and practice management, as well as looking at the regulations and practices of the RICS, RIBA, ISVA and NAEA. | ||
| 650 | _aMANAGEMENT-BUSINESS MANAGEMENT-FINANCIAL MANAGEMENT-ACCOUNTING | ||
| 650 | _aCLIENTS MONEY | ||
| 650 | _aCODE OF CONDUCT | ||
| 650 | _aINCORPORATED SOCIETY OF VALUERS AND AUCTIONEERS | ||
| 650 | _aLIABILITY | ||
| 650 | _aNATIONAL ASSOCIATION OF ESTATE AGENTS | ||
| 650 | _aRIBA | ||
| 650 | _aROYAL INSTITUTION OF CHARTERED SURVEYORS | ||
| 650 | _aSERVICE CHARGES | ||
| 650 | _aTAXATION | ||
| 690 | _aPROPERTY-PROPERTY FINANCE AND INVESTMENT | ||
| 942 | _n0 | ||
| 948 | _c04/03/1997 | ||
| 999 |
_c88173 _d88173 |
||